书目信息 |
| 题名: |
畅通英语中级教程学生练习册
|
|
| 作者: | 米切尔, , 斯科特, 编著 ;畅通英语改编组 编 | |
| 分册: | 2 | |
| 出版信息: | 北京 高等教育出版社 2005.06 |
|
| 页数: | 100页 | |
| 开本: | 28cm | |
| 丛书名: | ||
| 单 册: | ||
| 中图分类: | H319.6 | |
| 科图分类: | ||
| 主题词: | 英语--ying yu--高等教育--习题 | |
| 电子资源: | ||
| ISBN: | 7-04-017102-3 | |
| 000 | 01336nam0 2200289 450 | |
| 001 | 012006707526 | |
| 005 | 20060914110354.34 | |
| 010 | @a7-04-017102-3@dCNY13.00 | |
| 100 | @a20060725d2005 km y0chiy0120 ea | |
| 101 | 0 | @achi |
| 102 | @aCN@b110000 | |
| 105 | @aa z 000yy | |
| 200 | 1 | @a畅通英语中级教程学生练习册@Achang tong ying yu zhong ji jiao cheng xue sheng lian xi ce@h2@d= Channel Your English Intermediate Workbook@fH. Q. Mitchell, J. Scott [编著]@FH.Q.Mitchell,J.Scott[bian zhu]@g《畅通英语》改编组 [编]@G《chang tong ying yu》gai bian zu[bian]@zeng |
| 210 | @a北京@c高等教育出版社@d2005.06 | |
| 215 | @a100页@c图@d28cm | |
| 300 | @a教育部职业教育与成人教育司推荐教材 | |
| 314 | @a责任者H.Q.Mitchell, J.Scott规范译姓:米切尔, 斯科特 | |
| 330 | @a本书共包括15个单元(每3个单元后各有1个复习单元),每单元围绕相关单元主题和语法要点设计了形式多样的练习,后面还提供了一篇阅读文章。 | |
| 333 | @a高等职业教育英语教学用书(五年制适用) | |
| 510 | 1 | @aChannel Your English Intermediate Workbook@zeng |
| 606 | 0 | @a英语@Aying yu@x高等教育@j习题 |
| 690 | @aH319.6@v4 | |
| 701 | 1 | @a米切尔,@Ami qie er,@bH. Q.@g(Mitchell, H. Q.)@4编著 |
| 701 | 1 | @a斯科特,@Asi ke te,@bJ.@g(Scott, J.)@4编著 |
| 712 | 02 | @a畅通英语改编组@Achang tong ying yu gai bian zu@4编 |
| 801 | 0 | @aCN@bQSSK@c20060914 |
| 905 | @a10447@dH319.6@eM665:2 | |
| 畅通英语中级教程学生练习册.2= Channel Your English Intermediate Workbook/H. Q. Mitchell, J. Scott [编著]/《畅通英语》改编组 [编].-北京:高等教育出版社,2005.06 |
| 100页:图;28cm |
| 教育部职业教育与成人教育司推荐教材.-使用对象:高等职业教育英语教学用书(五年制适用) |
| ISBN 7-04-017102-3:CNY13.00 |
| 本书共包括15个单元(每3个单元后各有1个复习单元),每单元围绕相关单元主题和语法要点设计了形式多样的练习,后面还提供了一篇阅读文章。 |
| ● |
| 相关链接 |
|
|
|
正题名:畅通英语中级教程学生练习册
索取号:H319.6/M665:2
 
预约/预借
| 序号 | 登录号 | 条形码 | 馆藏地/架位号 | 状态 | 备注 |
| 1 | 597075 | 205970751 | 语言库209/209语言库 57排5列5层/ [索取号:H319.6/M665:2] | 在馆 | |
| 2 | 597076 | 205970760 | 语言库209/209语言库 57排5列5层/ [索取号:H319.6/M665:2] | 在馆 | |
| 3 | 597077 | 205970779 | 语言库209/209语言库 57排5列5层/ [索取号:H319.6/M665:2] | 在馆 |